000 00692nam a2200181 a 4500
008 210303s2020 ||||||||||||||||| || u
020 _a9785907123588
050 _aPG 2900 Ant
100 _aAntonova, V.E
245 1 4 _aThe way to Russia: Russian language textbook A1 level (12th edition)
_cV.E Antonova; M.M Nakhabina and A.A Tolstych
250 _a12th edition
260 _aSt. Petersburg
_c2020
300 _a200 pages: illustrations
650 _aRUSSIAN LITERATURE
700 _aNakhabina, M.M
700 _aTolstych, A.A
995 _FCBU-MAIN LIBRARY (Kitwe)
_M1
_UAVAILABLE
_WMar 3, 2021
_ZMain Library Open Access Collection
999 _c61532
_d61532